Missing Word: 5-Letter History A-Z Quiz Stats

Quiz Updated Jan 13, 2015

Challenge
Share
Tweet
Embed
Score 0/26 Timer 03:00
0 Plays Today
Hint Answer % Correct
Magna ____, signed 1215Carta
97.3%
Mary, ____ of ScotsQueen
95.5%
Hundred ____ War, 1337-1453Years'
94.6%
Black ____, 14th century epidemicDeath
93%
____ Wilde, playwrightOscar
92.9%
The Canterbury ____ by ChaucerTales
91.7%
____ Witch Trials, 1692-1693Salem
91.2%
The ____ by HomerIliad
88.4%
____ Leap Forward, 1958-1961Great
86.7%
Vladimir ____, Soviet leaderLenin
85.7%
Pancho ____, Mexican revolutionary generalVilla
72.7%
____ VI and I, monarchJames
71.3%
Khmer ____, communist regimeRouge
70%
Hint Answer % Correct
Virginia ____, authorWoolf
69.7%
____ Kahlo, painterFrida
64.7%
Republic of ____, 1971-1997Zaire
56.9%
Robert the ____, King of ScotsBruce
56.5%
Jawaharlal ____, Prime Minister of IndiaNehru
55.4%
____ Sophia, originally built 6th centuryHagia
55%
Pope ____ IIUrban
51.1%
____ Neruda, poetPablo
42.4%
Zhou ____, Chinese politicianEnlai
32.7%
Battle of the ____, 1836Alamo
30.3%
Book of ____, illuminated manuscriptKells
26.2%
____ Restoration, 1868Meiji
11.7%
____ Wars, 1779-1879Xhosa
5.8%

Today's Daily Dose

Word Ladder
'90s Movies

Quick Pick
'Fire' Movies

On This Day
June 19th II

You're not logged in!

Compare scores with friends on all Sporcle quizzes.
Join for Free
OR
Log In

You Might Also Like...

Show Comments

Extras

Top Quizzes Today


Score Distribution

Your Account Isn't Verified!

In order to create a playlist on Sporcle, you need to verify the email address you used during registration. Go to your Sporcle Settings to finish the process.

Report this User

Report this user for behavior that violates our Community Guidelines.

Details: